| 000 | 00584nam a22001937a 4500 | ||
|---|---|---|---|
| 003 | 0 | ||
| 005 | 20250108140300.0 | ||
| 008 | 250108b xxu||||| |||| 00| 0 eng d | ||
| 020 | _a979-8-88836-109-2 | ||
| 050 |
_aPN 4567.2 _b.T87 2023 |
||
| 100 |
_aTurner, Judith _eauthor. |
||
| 245 |
_aBlogging and vlogging : _ba professional guide / |
||
| 260 |
_aNew York, NY : _bLarsen & Keller, _c2023. |
||
| 300 |
_aviii, 239 p. : _bcol. ill. ; _c27 cm. |
||
| 504 | _aIncludes index. | ||
| 650 |
_aBlogs _vHandbooks, manuals, etc. |
||
| 650 |
_aBlogs _vVocational guidance. |
||
| 942 |
_2lcc _cBK |
||
| 999 |
_c366927 _d366927 |
||